| 000 | 00675nas a2200229 4500 | ||
|---|---|---|---|
| 001 | BR4800181 | ||
| 003 | BR-BrBNA | ||
| 005 | 20231205081904.0 | ||
| 007 | ta | ||
| 008 | 230509b bl.|||p| |||| 00| 00por d | ||
| 040 |
_aBR-BrBNA _bpor _cBiblioteca Nacional de Agricultura |
||
| 041 | _a(Pt) | ||
| 072 | _aF00 | ||
| 100 | 1 | _aFranco, C.M. | |
| 245 | 1 | _aO problema do sombreamento dos cafezais em Sao Paulo [Coffea arabica, Brasil] | |
| 650 | _aCAFE | ||
| 650 | _aSOMBREAMENTO | ||
| 650 | _aSAO PAULO | ||
| 773 | 0 |
_tRevista Ceres (Brazil) _xISSN 0034-737X _g(Oct-Dec 1948), v. 8(43) p. 37-51 _wBR4800181 |
|
| 909 |
_a202311 _bLúcia _c55 _dLúcia Elande |
||
| 942 |
_2AGRIS _n0 _cANA |
||
| 999 |
_c87590 _d87590 |
||